| 000 | 00589nam a22002297a 4500 | ||
|---|---|---|---|
| 001 | 31575 | ||
| 003 | UA-OsUOA | ||
| 005 | 20210917223025.0 | ||
| 007 | ta | ||
| 008 | 20041224b un ||||| |||| 00| 0 ukr d | ||
| 040 |
_aUA-OsUOA _brus _cUA-OsUOA _dUA-OsUOA |
||
| 041 | _arus | ||
| 044 | _aRU | ||
| 080 | _a94(38) | ||
| 090 |
_a94(38) _bХ91 |
||
| 245 |
_aХрестоматия по истории Древней Греции _cред. Д. П. Киллистова |
||
| 260 |
_aМосква _bМысль _c1964 |
||
| 300 | _a694 с. | ||
| 650 | 7 | _2UDC | |
| 942 |
_cBK _2udc |
||
| 955 | _a0 | ||
| 999 |
_c318004 _d318004 |
||